Nuevas tendencias del desarrollo rural en Europa /
Zapisane w:
| Format: | Texto |
|---|---|
| Hasła przedmiotowe: | |
| Etykiety: |
Dodaj etykietę
Nie ma etykietki, Dołącz pierwszą etykiete!
|
MARC
| LEADER | 00000 a a2200000 04500 | ||
|---|---|---|---|
| 001 | 12623 | ||
| 003 | |||
| 040 | |||
| 100 | |a | ||
| 245 | |a Nuevas tendencias del desarrollo rural en Europa / |c Lourdes Viladomiu Canela | ||
| 650 | |a DESARROLLO RURAL | ||
| 650 | |a DESARROLLO AGROPECUARIO | ||
| 650 | |a CONDICIONES DE VIDA | ||
| 650 | |a POBLACION RURAL | ||
| 650 | |a DESARROLLO RURAL | ||
| 773 | |g volumen 6, número 1 -2; páginas 49-64 | ||
| 999 | |c 21215 |d 21215 | ||
